[Event "Millennium Hybrid Masters"]
[Site "Tornelo INT"]
[Date "2022.03.09"]
[Round "1.2"]
[White "Hoffmann, Andreas"]
[Black "Seybold, Marco"]
[Result "1-0"]
[WhiteElo "1967"]
[BlackElo "1894"]
[PlyCount "69"]
[EventDate "2022.03.09"]
[EventType "team-tourn"]
[EventRounds "5"]
[EventCountry "GER"]
[SourceTitle "EXT 2023"]
[Source "ChessBase"]
[SourceDate "2022.10.05"]
[SourceVersion "1"]
[SourceVersionDate "2022.10.05"]
[SourceQuality "1"]
[WhiteTeam "Berlin Mariendorf"]
[BlackTeam "Pattonville"]
[WhiteTeamCountry "GER"]
[BlackTeamCountry "GER"]

1. e3 d5 2. f4 Nf6 3. Nf3 a6 4. b3 c5 5. Bb2 Nc6 6. Be2 Bf5 7. d3 Ng4 8. Qc1 Nb4 9. Na3 e6 10. h3 Nf6 11. 0-0 Bd6 12. Ne5 h5 13. Qd2 Qc7 14. c3 Nc6 15. Nxc6 Qxc6 16. c4 h4 17. Bf3 Qc7 18. Bxf6 gxf6 19. cxd5 Rg8 20. Kh1 Rg3 21. Nc4 0-0-0 22. Nxd6+ Qxd6 23. e4 Bh7 24. Rac1 exd5 25. Rxc5+ Qxc5 26. Rc1 Qxc1+ 27. Qxc1+ Kb8 28. exd5 Rc8 29. Qd2 f5 30. d6 f6 31. Qb4 b5 32. d7 Rc1+ 33. Kh2 Kc7 34. Qe7 Rxh3+ 35. gxh3 1-0

[Event "BEM-ch U18"]
[Site "Tamm"]
[Date "2001.02.03"]
[Round "2"]
[White "Schroeder, Jochen"]
[Black "Seybold, Marco"]
[Result "1-0"]
[WhiteElo "1680"]
[BlackElo "1637"]
[PlyCount "116"]
[EventDate "2001.??.??"]
[EventType "swiss"]
[EventRounds "5"]
[EventCountry "GER"]
[SourceTitle "EXT 2003"]
[Source "ChessBase"]
[SourceDate "2002.11.25"]
[SourceVersion "1"]
[SourceVersionDate "2002.11.25"]
[SourceQuality "1"]

1. e4 e5 2. Nc3 Bc5 3. Nf3 d6 4. d4 exd4 5. Nxd4 c6 6. Be3 Bxd4 7. Bxd4 f6 8. Bd3 Nh6 9. 0-0 Be6 10. f4 Nd7 11. Qd2 Qc7 12. Rad1 0-0-0 13. Bxa7 Bg4 14. Rb1 Nc5 15. Bxc5 dxc5 16. Qf2 Rd4 17. h3 Bd7 18. a3 b6 19. b4 Qd6 20. Ne2 Rxd3 21. cxd3 Qxd3 22. bxc5 bxc5 23. Qf3 c4 24. Qxd3 cxd3 25. Nc1 d2 26. Nb3 Be6 27. Nxd2 Kc7 28. Nf3 Ra8 29. Ra1 Ra4 30. Rfe1 Bc4 31. e5 Nf5 32. g4 Bd5 33. gxf5 Bxf3 34. e6 Bh5 35. e7 Be8 36. Rad1 Ra8 37. Rd3 g6 38. Red1 c5 39. Rd8 Rxa3 40. Rxe8 Re3 41. Kf2 Re4 42. Kf3 gxf5 43. Rd5 c4 44. Rxf5 Re6 45. Rc5+ Kd7 46. Rec8 Kxe7 47. R5c7+ Kd6 48. Rc6+ Kd7 49. Rxe6 Kxe6 50. Ke4 f5+ 51. Kd4 Kf7 52. Ke5 Kg6 53. Rc6+ Kh5 54. Rxc4 Kh4 55. Rc7 h5 56. Rh7 Kxh3 57. Kxf5 h4 58. Kg5 Kg3 1-0